| 000 -LEADER | |
|---|---|
| fixed length control field | 00408nam a22001697a 4500 |
| 005 - DATE AND TIME OF LATEST TRANSACTION | |
| control field | 20160517154400.0 |
| 008 - FIXED-LENGTH DATA ELEMENTS--GENERAL INFORMATION | |
| fixed length control field | 160517b xxu||||| |||| 00| 0 eng d |
| 020 ## - INTERNATIONAL STANDARD BOOK NUMBER | |
| ISBN | 81-203-1812-9 |
| 041 ## - LANGUAGE CODE | |
| Language code of text/sound track or separate title | eng |
| 082 ## - DEWEY DECIMAL CLASSIFICATION NUMBER | |
| Item number | 2567 |
| 100 ## - MAIN ENTRY--AUTHOR NAME | |
| Personal name | Srinivas R. Kandula |
| 245 ## - TITLE STATEMENT | |
| Title | Strategic Human Resource development |
| 260 ## - PUBLICATION, DISTRIBUTION, ETC. (IMPRINT) | |
| Place of publication | New Delhi |
| Name of publisher | PHI, |
| Year of publication | 2004 |
| 300 ## - PHYSICAL DESCRIPTION | |
| Number of Pages | 376 |
| 650 ## - SUBJECT ADDED ENTRY--TOPICAL TERM | |
| Topical Term | Management |
| 942 ## - ADDED ENTRY ELEMENTS (KOHA) | |
| Koha item type | Books |
| Lost status | Damaged status | Collection code | Home library | Current library | Shelving location | Date acquired | Cost, normal purchase price | Full call number | Accession Number | Koha item type |
|---|---|---|---|---|---|---|---|---|---|---|
| MANAGEMENT | JRU Library | JRU Library | SHELF-62 -E | 17/05/2016 | 225.00 | 2567 | 2567 | Books | ||
| MANAGEMENT | JRU Library | JRU Library | SHELF-62 -E | 17/05/2016 | 225.00 | 2567 | 2568 | Books | ||
| MANAGEMENT | JRU Library | JRU Library | SHELF-62 -E | 17/05/2016 | 225.00 | 2567 | 2569 | Books | ||
| Reference | JRU Library | SHELF-30-G | 17/05/2016 | 225.00 | 2567 | 2570 | Books | |||
| MANAGEMENT | JRU Library | JRU Library | SHELF-62 -E | 17/05/2016 | 225.00 | 2567 | 2571 | Books |